000 01116nam a22001937a 4500
003 SEM
005 20260408123216.0
008 260331s2025 |||||||gr||||||01|||arm|d
040 _aSEM
_cSEM
041 _aarm
080 _a726.5(47.925)/Հ-24
245 _aՀայաստանյայց Առաքելական եկեղեցու Ս․ Էջմիածնի Մայր տաճարի 2012-2024 թթ․ հիմնանորոգումը /
260 _aԱ․ տ․ ։
_bԱ․ հ․,
_c2025․
300 _a208 էջ ;
_bլուսանկ․ ;
_c30 սմ
500 _aԳարեգին Բ Ամենայն Հայոց կաթողիկոսի հանձնարարականով մշակված և Մայր Աթոռի ճարտարապետական խորհրդի հետ համաձայնեցված Ս․ Էջմիածնի մայր Տաճարի հիմնանորոգման ծրագրի շրջանակում «Հորիզոն - 95» ընկերության իրականացրած աշխատանքները /
650 _aԵկեղեցական ճարտարապետություն
_xՄայր տաճար
_zՍ․ Էջմիածին
653 _aՍԷՄ
942 _2udc
_cBK
_n0
999 _c77224
_d77224